000
00353pab a2200157 454500
008
180718b2001 xxu||||| |||| 00| 0 eng d
100
_a
Jishnu, Latha
245
_a
Waiting for justice
260
_c
2001
300
_a
p.28-37
362
_a
4 Sep
650
_a
Judiciary - India
650
_a
Judiciary
773
_a
Business World
909
_a
49807
999
_c
49807
_d
49807